000 00395 a2200145 4500
005 20250528090347.0
020 _a978-93-5084-515-8
082 _a001.43 SHA
100 _aSHARMA, A.
245 _aResearch Methodology.
260 _aNew Delhi,
_bCentrum Press.
_c2014.
300 _a299p.:
_bBibliography, Index
_c25cm.
856 _yAccess online book
_fResearch
_dwww.centrumpress.com
942 _2ddc
_cBKS
999 _c6
_d6